Top 10 Najbogatszych krajów Afryki - Statystyki

Ogólne statystyki
  • Ten quiz został rozwiązany 45 razy
  • Średni wynik to 7 z 10
Statystyki odpowiedzi
PKB na mieszkańca Kraje % Poprawnych
$15,400 Republika Południowej Afryki
98%
$14,900 Egipt
95%
$13,000 Algieria
88%
$12,300 Tunezja
74%
$35,300 Seszele
70%
$18,300 Libia
67%
$25,000 Mauritius
60%
$19,000 Gwinea Równikowa
49%
$19,300 Botswana
47%
$17,800 Gabon
47%
Nie znaleziono quizów pasujących do podanych kryteriów
Rozkład punktacji
Procent ludzi z każdym wynikiem
Percentyl według liczby udzielonych odpowiedzi
Twoja historia wyników
Nie rozwiązałeś tego quizu